00801nam a22002177a 4500003000500000008004100005020001800046040000800064041001300072082001300085100003700098245003300135250002700168260005100195300003500246336002700281337003300308338002900341505018600370650002700556BPGM260618e1997 mx bco|g |||| 001 0 spa d a968-7377-28-3 bspa aspahspa042900a031 aBERRONES MONTES, ROBERTO eAUTOR aMUNICIPIO DE JALPAN DE SERRA aPRIMERA EDICION b1997 aMEXICO bGOBIERNO DE ESTADO DE QUERETAROc1997 a111 paginas c21 cm x 13.8 cm  2rdacontentatextobtxt 2rdamediaasin mediaciónbn 2rdacarrieravolumen bnc a Es una monografía que ofrece un recorrido histórico, cultural y social por este municipio de la Sierra Gorda, destacando su papel como centro regional y su riqueza patrimonial. 2GEOGRAFÍA E HISTORIA